| 000 -LEADER |
| fixed length control field |
00520nam a22001577a 4500 |
| 005 - DATE AND TIME OF LATEST TRANSACTION |
| control field |
20231212121250.0 |
| 008 - FIXED-LENGTH DATA ELEMENTS--GENERAL INFORMATION |
| fixed length control field |
231212s1977 ru ||||| |||| 00| 0 rus d |
| 041 ## - LANGUAGE CODE |
| Language code of text/sound track or separate title |
rus |
| 080 ## - UNIVERSAL DECIMAL CLASSIFICATION NUMBER |
| Universal Decimal Classification number |
622.342+737.1 M-17 |
| 100 ## - MAIN ENTRY--PERSONAL NAME |
| Personal name |
Максимов, М.М. |
| 9 (RLIN) |
20674 |
| 245 ## - TITLE STATEMENT |
| Title |
Очерк о золоте / |
| Statement of responsibility, etc. |
М.М. Максимов. |
| 264 ## - PRODUCTION, PUBLICATION, DISTRIBUTION, MANUFACTURE, AND COPYRIGHT NOTICE |
| Place of production, publication, distribution, manufacture |
Москва: |
| Name of producer, publisher, distributor, manufacturer |
Недра, |
| Date of production, publication, distribution, manufacture, or copyright notice |
1977. |
| 300 ## - PHYSICAL DESCRIPTION |
| Extent |
128 с. : |
| Other physical details |
ил. |
| Dimensions |
17 см. |
| 653 ## - INDEX TERM--UNCONTROLLED |
| keyword |
ნარკვევი ოქროს შესახებ |
| 942 ## - ADDED ENTRY ELEMENTS (KOHA) |
| Source of classification or shelving scheme |
|
| Koha item type |
წიგნი |